000 00591npc a2200205Ia 4500
001 dp4-251 [d000000141]
003 IT-MiCISF
008 161014s9999||||xx | und||
040 _aIT-MiCISF
_cIT-MiCISF
041 _ait
100 _aAA.VV.
245 0 _aDichiarazione sulla legge regionale 14 agosto 1989 n. 27
250 _a1a ed.
260 _aBologna
_c1989
300 _ap. 4
500 _aConferenza episcopale Emilia-Romagna / procreazione, diritto-alla-vita, aborto, contraccezione, legge /
650 _aprocreazione
942 _cDD
957 _71
999 _a251
_bsi
_g1
_c206656
_d206656